Flags (easiest edition) - Statistics

General Stats
  • This quiz has been taken 47 times
  • The average score is 14 of 15
Answer Stats
Picture Answer % Correct
France
94%
Germany
94%
Japan
94%
Portugal
94%
Russia
94%
Spain
94%
United States
94%
Belgium
91%
Canada
91%
China
91%
Netherlands
91%
Australia
88%
Brazil
88%
Mexico
88%
United Kingdom
88%
No matching quizzes found
Score Distribution
Percent of People with Each Score
Percentile by Number Answered
Your Score History
You have not taken this quiz